[Event "Liberec op 14th"]
[Site "Liberec"]
[Date "2013.10.26"]
[Round "1"]
[White "Sedlak, Jaroslav"]
[Black "Selig, Rainer"]
[Result "0-1"]
[WhiteElo "1635"]
[BlackElo "1999"]
[PlyCount "32"]
[EventDate "2013.10.26"]
[EventType "swiss"]
[EventRounds "9"]
[EventCountry "CZE"]
[SourceTitle "EXT 2014"]
[Source "ChessBase"]
[SourceDate "2013.11.20"]
[SourceVersion "1"]
[SourceVersionDate "2013.11.20"]
[SourceQuality "1"]

1. b3 e5 2. Bb2 d6 3. e3 Nf6 4. f4 Nc6 5. Bb5 Bg4 6. Bxc6+ bxc6 7. Nf3 e4 8. h3 Bh5 9. g4 Nxg4 10. hxg4 Bxg4 11. Qc1 Bxf3 12. Rh2 Be7 13. Bxg7 Rg8 14. Rxh7 Bf6 15. Bxf6 Qxf6 16. Nc3 Rg1+ 0-1

[Event "Liberec op 13th"]
[Site "Liberec"]
[Date "2012.10.23"]
[Round "5"]
[White "Sedlak, Jaroslav"]
[Black "Von Keyserlingk, Chanda"]
[Result "0-1"]
[WhiteElo "1648"]
[BlackElo "1724"]
[PlyCount "90"]
[EventDate "2012.10.20"]
[EventType "swiss"]
[EventRounds "9"]
[EventCountry "CZE"]
[SourceTitle "EXT 2013"]
[Source "ChessBase"]
[SourceDate "2012.11.22"]
[SourceVersion "1"]
[SourceVersionDate "2012.11.22"]
[SourceQuality "1"]

1. f4 Nc6 2. b3 e5 3. e3 d5 4. Bb2 Bd6 5. fxe5 Nxe5 6. Nf3 Qe7 7. Nc3 c6 8. Qe2 f6 9. 0-0-0 Nh6 10. g3 Nxf3 11. Qxf3 Bg4 12. Qg2 Bxd1 13. Nxd1 0-0 14. Bd3 Ba3 15. Rf1 Bxb2+ 16. Kxb2 Nf7 17. Qh3 g6 18. Rf4 Ng5 19. Qh6 Qg7 20. Qh4 Ne6 21. Rf2 Rad8 22. Qb4 c5 23. Qa4 a6 24. Kb1 Rd6 25. Nc3 d4 26. exd4 cxd4 27. Ne4 Rc6 28. Rf1 f5 29. Nf2 b5 30. Qa3 Qh6 31. h4 Qxd2 32. Qc1 Qxc1+ 33. Kxc1 Nc5 34. Be2 Ne4 35. g4 Ng3 36. Re1 Nxe2+ 37. Rxe2 Kf7 38. gxf5 gxf5 39. Nd3 Kf6 40. Ne5 Rc7 41. Nf3 d3 42. Rd2 Rxc2+ 43. Rxc2 dxc2 44. Kxc2 Rd8 45. Ng5 h6 0-1

[Event "Liberec op 11th"]
[Site "Liberec"]
[Date "2010.10.25"]
[Round "3"]
[White "Blazek, Jaroslav"]
[Black "Sedlak, Jaroslav"]
[Result "1-0"]
[WhiteElo "1795"]
[BlackElo "1655"]
[PlyCount "63"]
[EventDate "2010.10.23"]
[EventType "swiss"]
[EventRounds "9"]
[EventCountry "CZE"]
[SourceTitle "EXT 2011"]
[Source "ChessBase"]
[SourceDate "2010.11.26"]
[SourceVersion "1"]
[SourceVersionDate "2010.11.26"]
[SourceQuality "1"]

1. e4 d6 2. d4 g6 3. Nc3 Bg7 4. Nf3 Bg4 5. Be2 c5 6. Be3 Nc6 7. d5 Bxf3 8. Bxf3 Ne5 9. Be2 a6 10. a4 Nd7 11. Qd2 Qa5 12. 0-0 Bxc3 13. Qxc3 Qxc3 14. bxc3 Ngf6 15. f3 0-0 16. a5 b5 17. axb6 a5 18. b7 Ra7 19. Bb5 e6 20. Bc6 exd5 21. exd5 Nb6 22. Rfd1 Nc4 23. Bg5 Kg7 24. Re1 h6 25. Bf4 Rd8 26. Re7 Rb8 27. Ra4 Kf8 28. Rc7 Nb6 29. Bxd6+ Kg7 30. Ra2 Nfxd5 31. Rxf7+ Kxf7 32. Bxb8 1-0

[Event "Liberec op 10th"]
[Site "Liberec"]
[Date "2009.10.27"]
[Round "4"]
[White "Horyna, Josef"]
[Black "Sedlak, Jaroslav"]
[Result "1-0"]
[WhiteElo "1859"]
[BlackElo "1751"]
[PlyCount "81"]
[EventDate "2009.10.24"]
[EventType "swiss"]
[EventRounds "9"]
[EventCountry "CZE"]
[SourceTitle "EXT 2010"]
[Source "ChessBase"]
[SourceDate "2010.11.25"]
[SourceVersion "1"]
[SourceVersionDate "2010.11.25"]
[SourceQuality "1"]

1. d4 d6 2. e4 g6 3. Nf3 Bg7 4. c4 Bg4 5. Be2 Nd7 6. 0-0 Rb8 7. h3 Bxf3 8. Bxf3 c5 9. dxc5 Nxc5 10. Qc2 Nf6 11. Nc3 0-0 12. Rb1 Nfd7 13. b4 Ne6 14. Be3 Bd4 15. Bh6 Bg7 16. Bxg7 Kxg7 17. Rfd1 Ne5 18. Be2 Qb6 19. Nd5 Nd4 20. Nxb6 Nxc2 21. Rd2 Na3 22. Rb3 Nb5 23. f4 Nd4 24. Rxd4 Nc6 25. Rd5 axb6 26. Rd2 Rfc8 27. Kf2 Ra8 28. g4 Ra4 29. a3 Rca8 30. Rdd3 Kf6 31. Rbc3 h6 32. h4 Rd8 33. Ke3 Raa8 34. Rd5 Na7 35. Rcd3 Rdc8 36. e5+ Ke6 37. exd6 Rxc4 38. dxe7 Kxe7 39. Rd7+ Kf6 40. R3d6+ Kg7 41. Bxc4 1-0